000 00929nam a22002177a 4500
999 _c61689
_d61689
005 20240417153650.0
008 240417s2006 enk||||| |||| 00| 0 eng d
020 _a9780198526193x
041 _aeng
080 _a616.31-089 E-80
245 _aEssential Skills for Dentists /
_cEditors Peter Mossey, Gareth Holsgrove, David Stirrups, Elizabeth Davenport,
264 _aOxford :
_b‎Oxford University Press,
_c2006.
300 _a526 p.:
_bill.;
_c24 cm.
653 _aაუცილებელი უნარები სტომატოლოგებისთვის
653 _aმედიცინა
700 _aMossey, Peter
_eრედაქტორი
_921833
700 _aHolsgrove, Gareth
_eრედაქტორი
_921834
700 _aStirrups, David
_eრედაქტორი
_921835
700 _aDavenport, Elizabeth
_eრედაქტორი
_921836
942 _2udc
_cᲬᲘᲒᲜᲘ